Economía y finanzas en Colombia después de las reformas una perspectiva internacional : (Registro nro. 11984)
[ vista simple ]
| 000 -LEADER | |
|---|---|
| fixed length control field | 01750nam a2200265Ia 4500 |
| 003 - CONTROL NUMBER IDENTIFIER | |
| control field | OSt |
| 005 - DATE AND TIME OF LATEST TRANSACTION | |
| control field | 20210721121249.0 |
| 008 - FIXED-LENGTH DATA ELEMENTS--GENERAL INFORMATION | |
| fixed length control field | 210310s9999 ck ado gr 000 0 spa d |
| 020 ## - INTERNATIONAL STANDARD BOOK NUMBER | |
| International Standard Book Number | 9589040268 |
| 040 ## - CATALOGING SOURCE | |
| Original cataloging agency | CO-JMCR |
| Transcribing agency | CO-JMCR |
| 041 0# - LANGUAGE CODE | |
| Language code of text/sound track or separate title | spa |
| 082 04 - DEWEY DECIMAL CLASSIFICATION NUMBER | |
| Classification number | 330.986 / |
| Item number | C766e |
| Edition number | 23 |
| 111 2# - MAIN ENTRY--MEETING NAME | |
| Meeting name or jurisdiction name as entry element | Convención Bancaria y de Entidades Financieras |
| Location of meeting | Cartagena) |
| Date of meeting or treaty signing | (1995 : |
| 9 (RLIN) | 38597 |
| 245 10 - TITLE STATEMENT | |
| Title | Economía y finanzas en Colombia después de las reformas una perspectiva internacional : |
| Remainder of title | una perspectiva internacional / |
| Statement of responsibility, etc. | Convención Bancaria y de Entidades Finacieras, Cartagena, 27-28 abr., 1995 ; compiladora María Constanza Mejía Meneses. |
| 260 ## - PUBLICATION, DISTRIBUTION, ETC. | |
| Place of publication, distribution, etc. | Cartagena, Colombia : |
| Name of publisher, distributor, etc. | Asociación Bancaria y de Entidades Financieras de Colombia, |
| Date of publication, distribution, etc. | 1995. |
| 300 ## - PHYSICAL DESCRIPTION | |
| Extent | 351 páginas : |
| Other physical details | ilustraciones, gráficas y fotografías en blanco y negro ; |
| Dimensions | 24 cm. |
| 490 ## - SERIES STATEMENT | |
| Series statement | Banca ; |
| Volume/sequential designation | 95 |
| 501 ## - WITH NOTE | |
| With note | Con: notas a pie de páginas. |
| 505 0# - FORMATTED CONTENTS NOTE | |
| Formatted contents note | La coyuntura económica de Colombia. -- El impacto de la estabilización en el sistema financiero. -- El financiamiento externo y las economías latinoamericanas. -- Valorización a precios de mercado: la experiencia Europea. -- El mercado de derivados y su regulación: oportunidades y riesgos. -- La estrategia de financiamiento publico para los próximos años. -- El sector financiero y la política de estabilización. -- El uso de la tecnología en el mercado de productos financieros. |
| 650 14 - SUBJECT ADDED ENTRY--TOPICAL TERM | |
| Topical term or geographic name entry element | Economía |
| Form subdivision | Congresos, conferencias, |
| Geographic subdivision | Colombia |
| 9 (RLIN) | 26973 |
| 650 24 - SUBJECT ADDED ENTRY--TOPICAL TERM | |
| Topical term or geographic name entry element | Instituciones financieras |
| Form subdivision | Congresos, conferencias, |
| Geographic subdivision | Colombia |
| 9 (RLIN) | 38598 |
| 650 24 - SUBJECT ADDED ENTRY--TOPICAL TERM | |
| Topical term or geographic name entry element | Hacienda pública |
| Form subdivision | Congresos, conferencias, |
| Geographic subdivision | Colombia |
| 9 (RLIN) | 38599 |
| 700 1# - ADDED ENTRY--PERSONAL NAME | |
| Personal name | Mejía Meneses, María Constanza, |
| Relator term | compilador |
| 9 (RLIN) | 38600 |
| 942 ## - ADDED ENTRY ELEMENTS (KOHA) | |
| Source of classification or shelving scheme | Dewey Decimal Classification |
| Koha item type | Books |
| Withdrawn status | Lost status | Source of classification or shelving scheme | Damaged status | Not for loan | Home library | Current library | Shelving location | Date acquired | Source of acquisition | Full call number | Barcode | Date last seen | Copy number | Price effective from | Koha item type |
|---|---|---|---|---|---|---|---|---|---|---|---|---|---|---|---|
| Dewey Decimal Classification | Biblioteca Pública José María del Castillo y Rada | Biblioteca Pública José María del Castillo y Rada | General Stacks | 04/15/2018 | Donación | 330.986 / C766e | 430002294 | 05/16/2024 | Ej.1 | 03/10/2021 | Books |